000 01003nabaa22002057a 4500
999 _c6292
_d6292
003 OSt
005 20260129005528.0
008 190701b xxu||||| |||| 00| 0 spa d
040 _cPJ
100 _934
_aPerrino, Pablo Esteban
245 1 0 _aAlgunas reflexiones sobre la aplicación del derecho privado por la Administración pública /
_cPablo E. Perrino.
300 _ap. 179-187
500 _aCita: TR LALEY AR/DOC/448/2025
505 _aSumario: I. La sujeción de la administración al binomio derecho público y privado.— II. La relación entre el derecho público con el privado.— III. Modos de aplicación del derecho privado a la Administración pública.
505 _t¿Te interesa el texto completo? Comunicate al correo: koha@justierradelfuego.gov.ar
650 0 _9211
_aDERECHO ADMINISTRATIVO
650 0 _92710
_aDERECHO PRIVADO
773 0 _02842
_93251
_dBuenos Aires : AbeledoPerrot, 2012-
_oDA121
_tDerecho administrativo. Nº 158 marzo/abril 2025
_z18510590
942 _2udc
_cANA